| 000 | 00892cam a2200265 a 4500 | ||
|---|---|---|---|
| 999 |
_c23689 _d23689 |
||
| 001 | 4899929 | ||
| 003 | NUST | ||
| 005 | 20170606104446.0 | ||
| 008 | 931028s1993 caua 000 0 eng d | ||
| 010 | _a 93224752 | ||
| 020 | _a0963605100 | ||
| 035 | _a(OCoLC)28575603 | ||
| 040 |
_aDLC _cRCMS _dDLC |
||
| 042 | _alccopycat | ||
| 050 | 0 | 0 |
_aQC150 _b.W55 1993 |
| 082 | 0 | 0 |
_a620.1/064 WIL _220 |
| 100 | 1 |
_aWilcox, David C. _91993 |
|
| 245 | 1 | 0 |
_aTurbulence modeling for CFD / _cby David C. Wilcox. |
| 260 |
_aLa Cãnada, CA : _bDCW Industries, Inc., _cc1993. |
||
| 300 |
_axix, 460 p. : _bill. ; _c22 cm. + _e1 computer disk (3 1/2 in.) |
||
| 538 | _iShelf No 1 Row No 3 | ||
| 650 | 0 |
_aFluid dynamic measurements. _91994 |
|
| 856 | _3Table of Content Only | ||
| 906 |
_a7 _bcbc _ccopycat _d2 _encip _f19 _gy-gencatlg |
||
| 942 |
_2ddc _cBK |
||